Důsledky rozpadu východoevropského trhu pro transformaci čs. ekonomiky.
Nové ekonomické podmienky pre rozvoj ekonomiky ČSFR - nové záväzky k Medzinárodnému menovému fondu a rozpad trhu centrálne plánovaných ekonomík krajín RVHP. Stav zahraničného obchodu ČSFR s krajinami východnej a strednej Európy za r. 1989-1990. Potreba a možnosti ďalšieho rozvoja obchodu s týmito kr...
Salvato in:
| Autore principale: | |
|---|---|
| Altri autori: | |
| Natura: | Capitolo di libro |
| Lingua: | ceco |
| Soggetti: | |
| Tags: |
Nessun Tag, puoi essere il primo ad aggiungerne!!
|
MARC
| LEADER | 00000naa a2200000 4500 | ||
|---|---|---|---|
| 001 | r005514 | ||
| 005 | 20221125081137.1 | ||
| 041 | 0 | |a cze | |
| 044 | |a [CS] | ||
| 245 | 1 | 0 | |a Důsledky rozpadu východoevropského trhu pro transformaci čs. ekonomiky. |c J. Fingerland, Z. Chalupský |
| 520 | |a Nové ekonomické podmienky pre rozvoj ekonomiky ČSFR - nové záväzky k Medzinárodnému menovému fondu a rozpad trhu centrálne plánovaných ekonomík krajín RVHP. Stav zahraničného obchodu ČSFR s krajinami východnej a strednej Európy za r. 1989-1990. Potreba a možnosti ďalšieho rozvoja obchodu s týmito krajinami. | ||
| 610 | 2 | 0 | |a rozvoj hospodársky |
| 610 | 2 | 0 | |a obchod zahraničný |
| 610 | 2 | 0 | |a ČSFR |
| 610 | 2 | 0 | |a 1989-1990 |
| 610 | 2 | 0 | |a RVHP |
| 610 | 2 | 0 | |a východná Európa |
| 610 | 2 | 0 | |a stredná Európa |
| 610 | 2 | 0 | |a trh medzinárodný |
| 610 | 2 | 0 | |a Medzinárodný menový fond |
| 100 | 1 | |a Fingerland, Jaroslav | |
| 700 | 1 | |a Chalupský, Z. | |